000 00678nam a22002177a 4500
003 OSt
005 20260203032042.0
008 260203b |||||||| |||| 00| 0 eng d
020 _a0060234849
040 _aDWCL GS lib
_cOC
100 _aLEWIS, C.S.
245 _aPRINCE CASPIAN :
_bTHE CHRONICLES OF NARNIA /
_cC.S. LEWIS
260 _aNew York
_bHarperCollinsPublishers
_cc1994.
300 _avii, 238 pages:
_b illustrations ;
_c24cm.
520 _aFour children help Prince Caspian and his army of Talking Beasts to free Narnia from evil
546 _aEnglish
650 _aFantasy
650 _aFantasy fiction
700 _aC.S LEWIS
942 _2ddc
_cFIC.
_hFic.
_n0
999 _c8167
_d8167